| 000 | 00673cam a22002413a 4500 | ||
|---|---|---|---|
| 001 | 9621 | ||
| 003 | PGUSA | ||
| 005 | 20140828083214.0 | ||
| 008 | 060101s2006||||xxu|||||s|||||000 p eng d | ||
| 040 |
_aPGUSA _beng |
||
| 042 | _adc | ||
| 050 | 4 | _aPR | |
| 245 | 1 | 0 |
_aGeorgian Poetry 1918-19 _h[electronic resource] |
| 260 |
_bProject Gutenberg, _c2006 |
||
| 506 | _aPublic domain in the USA. | ||
| 516 | _aElectronic text | ||
| 653 | _aEnglish poetry -- 20th century | ||
| 700 | 1 |
_aMarsh, Edward Howard, _cSir, _d1872-1953 |
|
| 740 | 0 | _aGeorgian Poetry 1918-1919 | |
| 830 | 0 |
_aProject Gutenberg _v9621 |
|
| 856 | 4 | 0 | _uhttp://www.gutenberg.org/ebooks/9621 |
| 942 | _cEB | ||
| 999 |
_c238877 _d238877 |
||